000 00711nam a2200205 i 4500
001 98429
003 ES-MaACL
005 20230906182301.0
007 t|
008 050829s1910 sp ||||1| spa d
245 0 0 _aInstituciones antituberculosas.
260 _aMadrid :
_b[s.n.],
_c1910 (
_fImpr. y encuadernación de V. Tordesillas)
300 _a73 p. ;
_c23 cm.
490 1 _aPublicaciones de la Comisión Permanente contra la Tuberculosis ;
_v4
500 _aPrecede al tit.: Sanidad.
710 2 _aComisión permanente contra la Tuberculosis.
_93055
830 0 _aPublicaciones de la Comisión Permanente contra la Tuberculosis ;
_v4
_9184470
852 _aES-MaACL
_jT-1249-F-12
999 _c98429
_d98429